| 000 | 00875nam a2200253 i 4500 | ||
|---|---|---|---|
| 001 | 78775 | ||
| 003 | ES-MaACL | ||
| 005 | 20230906173817.0 | ||
| 007 | t| | ||
| 008 | 041015s1978 mx ||||1| spa d | ||
| 100 | 1 |
_aHegel, Georg Wilhelm Friedrich. _962316 |
|
| 245 | 1 | 0 |
_aEscritos de juventud / _cG.W.F. Hegel ; edición, introducción y notas de Jose M. Ripalda ; [traducción de Zoltan Szankay y José María Ripalda]. |
| 250 | _a[1ª ed.]. | ||
| 260 |
_aMéxico : _bFondo de Cultura Económica, _c[1978] |
||
| 300 |
_a436 p. ; _c22 cm. |
||
| 490 | 1 | _aSección de obras de filosofía | |
| 490 | 1 | _aTextos clásicos | |
| 700 | 1 |
_aRipalda, José María. _997416 |
|
| 700 | 1 |
_aSzankay, Zoltan. _9108982 |
|
| 830 | 0 |
_aSección de obras de filosofía _9178631 |
|
| 830 | 0 |
_aTextos clásicos _9183606 |
|
| 852 |
_aES-MaACL _jA-9972 _bR.98626 |
||
| 999 |
_c78775 _d78775 |
||